000 02269nam a22002657a 4500
003 Uzh_bibl
008 250401b |||||||| |||| 00| 0 ukr d
020 _a966-575-076-Х
_c12.77
040 _bукр.
041 _2ukr
_aukr
080 _a726.6(477)
090 _a726.6(477)
_bД 26
100 _aДєдов, Володимир
245 _a Святогірська Свято-Успенська лавра.
_cРед. О. Боброва
_hТекст
260 _aКиїв
_bТехніка
_c2005
300 _a152 с.
_bІл.
490 _aНаціональні святині України
520 _aКнижка присвячена найвизначнішому монастирському ансамблю Південно-Східної України - Святогірській Свято-Успенській лаврі на Сіверському Дінці, що на Донеччині. Автор на підставі багатьох історичних джерел, архівних матеріалів, результатів науково-дослідних і проектних робіт розкриває етапи формування архітектурного ансамблю Святих Гір, його долю в різні часи історичного минулого України, висвітлює питання відтворення архітектурних пам'яток в умовах діяльності історико-архітектурного заповідника, відновлення монастиря в 90-ті рр. XX ст., його ролі у духовному відродженні України, набуття їм почесного статусу Лаври у 2004 р. Розрахована на широке коло читачів.
521 _aДля широкого кола читачів
546 _aукр.
650 _aНауково-популярне видання
653 _a Печерський монастир.
_aІсторія і архітектура.
_aГуртожитна пустинь.
_aВтрачені комплекси.
655 _aРелігія
_vТуристичний путівник
942 _2udc
_cBK
999 _c17427
_d17427